The Maxville limestone. (Record no. 25047)
[ view plain ]
| 000 -LEADER | |
|---|---|
| fixed length control field | 00825cam a22002651 4500 |
| 001 - CONTROL NUMBER | |
| control field | gs 11000348 |
| 003 - CONTROL NUMBER IDENTIFIER | |
| control field | DLC |
| 005 - DATE AND TIME OF LATEST TRANSACTION | |
| control field | 20260227111311.0 |
| 008 - FIXED-LENGTH DATA ELEMENTS--GENERAL INFORMATION | |
| fixed length control field | 730130s1910 ohua b 000 0 eng |
| 010 ## - LIBRARY OF CONGRESS CONTROL NUMBER | |
| LC control number | gs 11000348 |
| 035 ## - SYSTEM CONTROL NUMBER | |
| System control number | (OCoLC)547564 |
| 040 ## - CATALOGING SOURCE | |
| Original cataloging agency | DLC |
| Transcribing agency | ODaWU |
| Modifying agency | O |
| -- | DLC |
| 043 ## - GEOGRAPHIC AREA CODE | |
| Geographic area code | n-us-oh |
| 050 00 - LIBRARY OF CONGRESS CALL NUMBER | |
| Classification number | QE151 |
| Item number | .A18 no. 13 |
| 051 ## - LIBRARY OF CONGRESS COPY, ISSUE, OFFPRINT STATEMENT | |
| Classification number | QE671 |
| Item number | .M8 |
| 100 1# - MAIN ENTRY--PERSONAL NAME | |
| Personal name | Morse, William Clifford, |
| Dates associated with a name | 1874-1962. |
| 245 14 - TITLE STATEMENT | |
| Title | The Maxville limestone. |
| 260 ## - PUBLICATION, DISTRIBUTION, ETC. | |
| Place of publication, distribution, etc. | Columbus, O. |
| Name of publisher, distributor, etc. | [Printed by the Springfield publishing company] |
| Date of publication, distribution, etc. | 1910. |
| 300 ## - PHYSICAL DESCRIPTION | |
| Extent | 128 p. |
| Other physical details | illus. |
| Dimensions | 25 cm. |
| 490 1# - SERIES STATEMENT | |
| Series statement | Bulletin ; |
| Volume/sequential designation | no. 13 |
| 504 ## - BIBLIOGRAPHY, ETC. NOTE | |
| Bibliography, etc. note | "Bibliography and abstract of literature": p. 11-34. |
| 650 #0 - SUBJECT ADDED ENTRY--TOPICAL TERM | |
| Topical term or geographic name entry element | Geology |
| Geographic subdivision | Ohio. |
| 650 #0 - SUBJECT ADDED ENTRY--TOPICAL TERM | |
| Topical term or geographic name entry element | Geology, Stratigraphic |
| Chronological subdivision | Carboniferous. |
| 830 #0 - SERIES ADDED ENTRY--UNIFORM TITLE | |
| Uniform title | Bulletin (Geological Survey of Ohio) ; |
| Volume/sequential designation | 13. |
No items available.